000 00748ntaaa2200265 4500
003 01
005 20251027203212.0
008 0714s1973 ag 01
020 _a9789509652804
040 _aAR-BaBN
_bspa
_cAR-BaBN
_eaacr
_dRIC
082 _a225.92 C76
100 _aCosenza, Domingo
_933859
245 _aPablo, Apóstol de Cristo Jesús :
_bel mensaje de Pablo en su contexto social, religioso e histórico /
_cDomingo Cosenza
250 _a1ª ed.
260 _aSan Miguel de Tucumán :
_bUNSTA,
_c2008
300 _a64 p.
650 _aPABLO
_93151
650 _aNUEVO TESTAMENTO
650 _aHISTORIA
_9175
650 _aJESUS
_910031
650 _aCONTEXTO
650 _aSOCIEDAD
_910605
650 _aRELIGION
_94974
942 _cBK
999 _c27472
_d27472